01378nam a2200241 u 45000010006000000050017000060080041000230200015000640350010000790350021000890410008001100820008001181000095001262450037002212600089002583000018003475050610003656000073009756500029010486500013010776500021010906500025011115867920260428111635.0960313s1984 spa  a9977904030 a58679 a(OCoLC)760407994 aspa 4a33510aHinkelammert, Franz Josef,d1931-20234aut0(isni)0000 0003 7441 77330(viaf)51704708eaut10aCrítica a la razón utópica aSan José (Costa Rica) :bDepartamento Ecuménico de Investigaciones (DEI),c1984. a275 páginas aCONTENIDO: El realismo en política como arte de lo posible. -- Capítulo I. El marco categorial del pensamiento conservador. -- Capítulo II: El marco categorial del pensamiento neoliberal actual. -- Capítulo III. El marco categorial del pensamiento anarquista. -- Capítulo IV. El marco categorial del pensamiento soviético. -- Capítulo V. La metodología de Popper y sus análisis teóricos de la planificación, la competencia y el proceso de institucionalización. -- Capítulo VI. Leyes universales, institucionalidad y libertad: el sujeto humano y la reproducción de la vida real.17aPopper, Karl Raimund,d1902-1994xCrítica e interpretación2lemb 7aCiencia política2lemb aUtopía 7aAnarquismo2lemb 7aNeoliberalismo2lemb